000 00190nam a2200109Ia 4500
100 _a#N/A
942 _cBK
654 _asw 4 biz
245 _aSW 4 biz
260 _b#N/A
546 _aENGLISH
999 _c27090
_d27090